000 00984nam0a22002771 4500
001 rc\3234688
005 20250609165455.0
021 _aRU
_b73-ОЭ-2812/25
021 _aRU
_bРг10189-73
035 _a(NLR Aleph) 007372102
090 _a6418973
_c6418973
100 _a20130115d1973 |||y0rusy50 ca
101 0 _arus
102 _aRU
105 _ay z |||||
200 1 _aАвтомобили
_eТехнические измерения
_eПособие для чтения на нем. яз.
_fМ-во высш. и сред. спец. образ. РСФСР. Сев.-Зап. заоч. политехн. ин-т
210 _aЛенинград
_cБ. и.
_d1973
215 _a59 с.
_d21
320 _aБиблиогр.: с. 57
700 1 _aЭман
_bН.Ф.
_gНина Федоровна
701 1 _aКостарева
_bИ.С.
_gИнна Сергеевна
801 0 _aRU
_bNLR
_gpsbo
801 1 _aRU
_bELAR
_2rusmarc
852 _aNLR
_j73-6/5869
942 _cBOOK
980 _aNB